000
00179nam a22000857a 4500
999
_c
16294
_d
16294
003
OSt
008
200721b ||||| |||| 00| 0 eng d
245
_a
Industrial Disputes
942
_c
BK